000 00890nas a2200253 4500
001 BR9511831
003 BR-BrBNA
005 20231205095618.0
007 ta
008 230509b bl.|||p| |||| 00| 00por d
040 _aBR-BrBNA
_bpor
_cBiblioteca Nacional de Agricultura
041 _a(Pt)
072 _aF01
100 1 _aBarradas, C.I.N.
100 1 _aPriestley, C.A.
111 1 _a12. Congresso Brasileiro de Fruticultura
_cPorto Alegre, RS (Brazil)
_d17-22 Jan 1993
245 1 _aEfeito da poda de verao, anelamento e ensacamento dos ramos do ano sobre o crescimento anual dos frutos e producao da macieira 'Malling A. 3022'/M-27
650 _aMaca
650 _aAnelagem
650 _aPoda
773 0 _tRevista Brasileira de Fruticultura (Brazil)
_xISSN 0100-2945
_g(1992), v. 14(1) p. 97-102
_wBR9511831
909 _a202311
_bLúcia
_c55
_dLúcia Elande
942 _2AGRIS
_n0
_cANA
999 _c151690
_d151690